| 000 | 00355 a2200109 4500 | ||
|---|---|---|---|
| 001 | ART_28289 | ||
| 005 | 20260410161852.0 | ||
| 008 | 260409a | ||
| 245 | 1 | 0 | _aUn siglo es demasiado tiempo |
| 100 | 1 | _aArese, César | |
| 773 | 0 |
_tDerecho del trabajo _gA 40 años de la Ley de Contrato de Trabajo - Año III, Nº 9 (dic. 2014) _wREV10447 |
|
| 999 |
_c25152 _d25152 |
||